000 01006nam a22002417a 4500
003 BD-DhSAU
005 20181203145243.0
008 160823b2016 bg ||||| |||| 001 0 eng d
040 _aBD-DhSAU
082 _222
_a658.8
_bD2601
100 _a Das , Prodip
_eRegistration # 10-04028
245 _aAn analysis on “Marketing strategis of C.P. Bangladesh Co., Ltd’’ /
_bMS thesis
_cDas , Prodip
260 _aSher-e-Bangla Agricultural Uniersity :
_bDepartment of Agribusiness & Marketing
_c2016
300 _axv, 40 p. :
_bill. ;
_c30 cm.
500 _aMS thesis, Department of Agribusiness and marketing, Faculty of Agribusiness Management, Sher-e-Bangla Agricultural University, Dhaka, Bangladesh
590 _aShofi
650 _aMarketing
650 _aMarketing strategy
650 _aC.P. Bangladesh Co. Ltd
700 _aRabbany , Md. Ghulam
_eSupervisor
856 _u http://archive.saulibrary.edu.bd:8080/xmlui/handle/123456789/1768
_yOnline Access
942 _2ddc
_cTHESIS
999 _c14102
_d14101